[Event "Plzen opJ-C"]
[Site "Plzen"]
[Date "1998.??.??"]
[Round "7"]
[White "Straka, Zdenek"]
[Black "Janke, G."]
[Result "1-0"]
[WhiteElo "1915"]
[BlackElo "2005"]

1.d4 Nf6 2.Bg5 d5 3.Nf3 c6 4.Nbd2 Nbd7 5.e3 h6 6.Bf4 Nh5 7.Bg3 Nxg3 8.hxg3 Nf6
9.Bd3 Bg4 10.c3 e6 11.Qb3 Qb6 12.Ne5 Qxb3 13.axb3 Bf5 14.Bxf5 exf5 15.b4 Bd6
16.Nd3 Ne4 17.Nf3 g5 18.Nc5 Nxc5 19.bxc5 Be7 20.Nd2 Kd7 21.Ke2 Ke6 22.Kf3 g4+
23.Ke2 h5 24.Nb3 Kd7 25.Nc1 h4 26.gxh4 Rxh4 27.Rxh4 Bxh4 28.Nd3 a6 29.Rh1 Rh8
30.g3 Bf6 31.Rxh8 Bxh8 32.Nc1 Bf6 33.Kd3 Kc7 34.c4 dxc4+ 35.Kxc4 Bg7 36.b3 Bf6
37.Nd3 Bg7 38.Nf4 Kd7 39.Kb4 Bf6 40.Ng2 Bd8 41.Kc4 Bg5 42.d5 cxd5+ 43.Kxd5 Bf6
44.Nh4 Bc3 45.Nxf5 Be1 46.Nh6 Bxf2 47.Nxf7 Bxg3 48.Nh6 Kc7 49.Nxg4 b5 50.cxb6+ Kxb6
51.Kc4 a5 52.e4 Bd6 53.e5 Be7 54.Ne3 Kc6 55.Nf5 Bb4 56.Nd4+ Kb6 57.Kd5 a4
58.bxa4 Bf8 59.Nc6 Ba3 60.e6 Bc5 61.a5+ Kb5 62.a6 Bb6 63.a7 Bc5 64.a8=Q Bb6
65.e7 Bd8 66.Nxd8  1-0

[Event "Mitropa Cup"]
[Site "Portoroz"]
[Date "1998.??.??"]
[Round "1"]
[White "Mohr, Georg"]
[Black "Lehner, Oliver"]
[Result "1-0"]
[WhiteElo "2470"]
[BlackElo "2415"]

1.d4 Nf6 2.Bg5 c5 3.d5 Ne4 4.Bc1 e6 5.c4 exd5 6.cxd5 Nf6 7.Nc3 d6 8.e4 g6
9.h3 Bg7 10.Nf3 O-O 11.Bd3 b5 12.Nxb5 Nxe4 13.Bxe4 Re8 14.Ng5 a6 15.Nc3 h6
16.Ne6 Bxc3+ 17.bxc3 Qh4 18.Bd3 fxe6 19.Bxg6 Rf8 20.O-O Nd7 21.dxe6 Ne5 22.Qd5 Bb7
23.Bh7+ Kxh7 24.Qxb7+ Kh8 25.f4 Nd3 26.Qd5 Nxc1 27.Raxc1 Rg8 28.Rce1 Ra7
29.Re3 Rag7 30.Rf2 Rb8 31.Qxd6 Rb1+ 32.Rf1 Rb2 33.Qd5 Qh5 34.Qa8+ Rg8 35.Qe4 Rxa2
36.e7 Qe8 37.Rf2 Ra1+ 38.Kh2 Rd1 39.f5 Rg7 40.f6 Rf7 41.Qg6  1-0

[Event "Radenci op"]
[Site "Radenci"]
[Date "1998.??.??"]
[Round "?"]
[White "Mohr, Georg"]
[Black "Licina, Anita"]
[Result "1-0"]
[WhiteElo "2455"]
[BlackElo "2175"]

1.d4 Nf6 2.Bg5 d5 3.Nf3 Ne4 4.Bf4 g6 5.Nbd2 Bg7 6.e3 Nxd2 7.Qxd2 O-O 8.h4 h5
9.Be5 Bh6 10.c4 c6 11.Rc1 Nd7 12.cxd5 Nxe5 13.Nxe5 cxd5 14.Bd3 Bg7 15.f4 Bxe5
16.fxe5 Bg4 17.O-O Qb6 18.Rc5 Rfd8 19.Qf2 Qe6 20.e4 b6 21.exd5 Rxd5 22.Rc6  1-0

[Event "SWE-ch"]
[Site "Ronneby"]
[Date "1998.??.??"]
[Round "12"]
[White "Hall, Jesper"]
[Black "Lejlic, Samir"]
[Result "1/2-1/2"]
[WhiteElo "2460"]
[BlackElo "2415"]

1.d4 Nf6 2.Bg5 d5 3.Bxf6 gxf6 4.e3 c5 5.Nc3 cxd4 6.exd4 Nc6 7.Qh5 e6 8.O-O-O Qa5
9.Nge2 b5 10.Nf4 b4 11.Ncxd5 b3 12.axb3 exd5 13.Nxd5 Qa1+ 14.Kd2 Qa5+ 15.c3 Be6
16.Bb5 O-O-O 17.Bxc6 Rxd5 18.Bxd5 Qxd5 19.Qxd5 Bxd5 20.Rhg1 Bxb3 21.Ra1 Kb7
22.Ra5 Bc4 23.Rga1 Bh6+ 24.Kd1 Re8 25.Rxa7+ Kb6 26.R7a3 Re2 27.b3 Rd2+ 28.Ke1 Re2+
29.Kf1 Bd3 30.Kg1 Bd2 31.c4 Bc3 32.Ra6+ Kb7 33.Ra7+ Kb8 34.Ra8+ Kb7 35.R1a7+ Kc6
36.Ra6+ Kb7 37.R6a7+ Kc6 38.Ra6+ Kb7  1/2-1/2

[Event "Saint Vincent op"]
[Site "Saint Vincent"]
[Date "1998.??.??"]
[Round "1"]
[White "Ubezio, Marco"]
[Black "Vera, Reynaldo"]
[Result "1/2-1/2"]
[WhiteElo "2190"]
[BlackElo "2535"]

1.d4 Nf6 2.Bg5 d5 3.Bxf6 gxf6 4.e3 c5 5.Nc3 Bf5 6.dxc5 e6 7.Bd3 Bxd3 8.cxd3 Bxc5
9.d4 Bd6 10.Qg4 Nc6 11.Nge2 Qe7 12.O-O-O f5 13.Qf3 Rc8 14.Kb1 Na5 15.g4 fxg4
16.Qxg4 f5 17.Qh5+ Qf7 18.Qxf7+ Kxf7 19.h3 Rhg8 20.Rdg1 Nc4 21.Kc2 Rxg1 22.Rxg1 b5
23.b3 Na3+ 24.Kd3 Kf6 25.Nb1 Nc2 26.Nbc3 Na3 27.Nb1 Nxb1 28.Rxb1 Kg5 29.f4+ Kh4
30.Rg1 Rc7 31.Rg5 Be7 32.Rg7 Bd8 33.Rg8 Bf6 34.Rf8 Be7 35.Rf7 h5 36.Rg7 Bd8
37.Rg8 Be7  1/2-1/2

[Event "Saint Vincent op"]
[Site "Saint Vincent"]
[Date "1998.??.??"]
[Round "3"]
[White "Miladinovic, Igor"]
[Black "Mantovani, Renzo"]
[Result "1-0"]
[WhiteElo "2565"]
[BlackElo "2365"]

1.d4 Nf6 2.Bg5 d5 3.Bxf6 gxf6 4.Nc3 c6 5.Qd2 Bf5 6.e3 Nd7 7.Nge2 e6 8.Ng3 Bg6
9.Bd3 Bd6 10.Nce2 Qc7 11.c4 dxc4 12.Bxc4 Nb6 13.Bd3 Nd5 14.a3 h5 15.Ne4 Bxe4
16.Bxe4 h4 17.Rc1 Bxh2 18.Bxd5 exd5 19.f4  1-0

[Event "Balazs mem op"]
[Site "Salgotarjan"]
[Date "1998.??.??"]
[Round "3"]
[White "Tajti, Janos Sandor"]
[Black "Csizmadia, Laszlo"]
[Result "1/2-1/2"]
[WhiteElo "2130"]
[BlackElo "2030"]

1.d4 Nf6 2.Bg5 g6 3.Bxf6 exf6 4.e3 d5 5.Bd3 Bg7 6.Nf3 O-O 7.O-O b6 8.Nbd2 Ba6
9.Bxa6 Nxa6 10.c4 dxc4 11.Qa4 Nb8 12.Qxc4 f5 13.Rac1 c6 14.Rfd1 Qd5 15.Qxd5 cxd5
16.Rc7 Na6 17.Rd7 Rfd8 18.Rxd8+ Rxd8 19.Rc1 Kf8 20.Kf1 Ke8 21.Ke2 f6 22.Ne1 Kd7
23.Rc3 Bf8 24.Nd3 g5 25.Nf1 Bd6 26.Ng3 Bxg3 27.hxg3 Nc7 28.Kf3 h5 29.Rc1 a5
30.Rh1 Rh8 31.Ke2 Ne6 32.f3 Ng7 33.g4 Kd6 34.g3 fxg4 35.fxg4 Ke6 36.b4 axb4
37.Nxb4 f5 38.gxh5  1/2-1/2

[Event "Balazs mem op"]
[Site "Salgotarjan"]
[Date "1998.??.??"]
[Round "3"]
[White "Balogh, Lajos"]
[Black "Csonkics, Tunde"]
[Result "0-1"]
[WhiteElo "2125"]
[BlackElo "2225"]

1.d4 Nf6 2.Bg5 d5 3.Bxf6 exf6 4.c4 Bb4+ 5.Nc3 O-O 6.e3 Be6 7.cxd5 Bxd5 8.Qc2 Qe7
9.h4 c5 10.dxc5 Be4 11.Qb3 Nc6 12.Ne2 Rad8 13.a3 Ba5 14.f3 Bxf3 15.Kf2 Rd3
16.Rh3 Qxe3+ 17.Ke1  0-1

[Event "Salsomaggiore Terme op"]
[Site "Salsomaggiore Terme"]
[Date "1998.??.??"]
[Round "6"]
[White "Kovacevic, Slobodan"]
[Black "Barberi, Alessandro"]
[Result "1-0"]
[WhiteElo "2420"]
[BlackElo "2125"]

1.d4 Nf6 2.Bg5 g6 3.Nf3 Bg7 4.Nbd2 d5 5.e3 O-O 6.c3 Nbd7 7.b4 b6 8.Be2 Bb7
9.O-O Re8 10.Qb3 Ne4 11.Nxe4 dxe4 12.Nd2 h6 13.Bh4 g5 14.Bg3 e5 15.Rad1 exd4
16.cxd4 Nf8 17.Rc1 Bd5 18.Bc4 c6 19.Nb1 Re7 20.Nc3 Rd7 21.Nxd5 cxd5 22.Bb5 Re7
23.Bc6 Rc8 24.Qxd5 Qxd5 25.Bxd5 Rd8 26.Bb3 Ng6 27.Rc6 Kh7 28.Rfc1 Red7 29.Rc7 Bf8
30.Bxf7 Bxb4 31.Be6 Re7 32.Bf5 Kg7 33.Bxe4 a5 34.R1c6  1-0

[Event "San Benedetto op"]
[Site "San Benedetto"]
[Date "1998.??.??"]
[Round "?"]
[White "Piva, Giorgio"]
[Black "Sbraccia, Giovanni"]
[Result "0-1"]
[WhiteElo "2165"]
[BlackElo "2195"]

1.d4 Nf6 2.Bg5 c5 3.Nc3 cxd4 4.Qxd4 Nc6 5.Qh4 e6 6.O-O-O Be7 7.e4 O-O 8.f4 Ne8
9.Bxe7 Qxe7 10.Qg3 a6 11.Nf3 b5 12.e5 f5 13.Qf2 Qb4 14.g3 Rb8 15.Bg2 Na5
16.a3 Qe7 17.Na2 Nc7 18.Ne1 Rd8 19.Nd3 Bb7 20.Bxb7 Nxb7 21.Nc3 a5 22.Qd4 d6
23.exd6 Rxd6 24.Qa7 Qf8 25.Ne5 Ra6 26.Qe3 Rc8 27.Rd7 b4 28.Na4 Nd5 29.Qb3 Nd6
30.Rd1 bxa3 31.Rxd5 axb2+ 32.Kb1 Rb8 33.Qa2 Nb5 34.Rc5 Qxc5 35.Rd3 Qg1+ 36.Kxb2 Nd4+
37.Ka3 Qc1+ 38.Nb2 Nxc2+  0-1

[Event "San Jose op"]
[Site "San Jose"]
[Date "1998.??.??"]
[Round "6"]
[White "Argueso, M."]
[Black "Iglesias Gascon, Albanta"]
[Result "0-1"]
[WhiteElo "2090"]
[BlackElo "1965"]

1.d4 Nf6 2.Bg5 g6 3.Bxf6 exf6 4.e3 Bg7 5.Ne2 O-O 6.Nf4 f5 7.h4 c5 8.c3 b6
9.dxc5 bxc5 10.Bc4 Bb7 11.h5 Qg5 12.hxg6 hxg6 13.Rh3 Re8 14.Kd2 d5 15.Qf3 Nc6
16.Bb5 Rad8 17.Kc2 Qf6 18.Nd3 d4 19.Qf4 Re4 20.Qc7 Re7 21.Qf4 g5 22.Qh2 dxc3
23.Nxc3 Nb4+ 24.Nxb4 cxb4 25.Rd1 Rc8 26.e4 bxc3 27.b3 Bxe4+ 28.Bd3 Bxd3+
29.Rhxd3 Re2+ 30.Kc1 c2  0-1

[Event "Staufer op 10th"]
[Site "Schwaebisch Gmuend"]
[Date "1998.??.??"]
[Round "3"]
[White "Heinzel, Olaf"]
[Black "Kill, Matthias"]
[Result "1-0"]
[WhiteElo "2365"]
[BlackElo "2065"]

1.d4 Nf6 2.Bg5 c5 3.Bxf6 gxf6 4.d5 d6 5.c3 f5 6.g3 Nd7 7.Bg2 Nf6 8.Nd2 Bh6
9.e3 b6 10.c4 b5 11.b3 Bb7 12.Ngf3 O-O 13.O-O e6 14.Nh4 Rb8 15.Qc2 Ng4 16.Rad1 Bxe3
17.fxe3 Nxe3 18.Qd3 Nxd1 19.Rxd1 Qf6 20.cxb5 Rfd8 21.a4 Kf8 22.Nc4 Qe5  1-0

[Event "RUS-chJ Girls"]
[Site "Sochi"]
[Date "1998.??.??"]
[Round "?"]
[White "Koroljova, Valerija"]
[Black "Polovnikova, Ekaterina"]
[Result "0-1"]
[WhiteElo "2195"]
[BlackElo "2335"]

1.d4 d5 2.Bg5 Nf6 3.Nd2 g6 4.e3 Bg7 5.c3 O-O 6.f4 Bf5 7.Ngf3 Nbd7 8.Bxf6 Nxf6
9.Ne5 Be4 10.Ndf3 Qd6 11.Bd3 c5 12.O-O e6 13.Qa4 a6 14.Qa3 Rfc8 15.Ng5 Bxd3
16.Nxd3 b6 17.Rae1 h6 18.Nf3 Ne4 19.Qa4 b5 20.Qd1 a5 21.a3 c4 22.Nf2 Nxf2
23.Rxf2 b4 24.axb4 axb4 25.g4 Ra2 26.Qb1 Rca8 27.f5 exf5 28.gxf5 g5 29.e4 bxc3
30.bxc3 Rxf2 31.Kxf2 Qf4 32.Kg2 g4 33.Ng1 dxe4 34.Re2 Qxf5 35.Qb7 Re8 36.Rf2 Qg6
37.Qd7 Qe6 38.Qb5 e3 39.Re2 f5 40.h3 h5 41.hxg4 hxg4 42.d5 Qe4+  0-1

[Event "Split"]
[Site "Split"]
[Date "1998.??.??"]
[Round "9"]
[White "Berebora, Ferenc"]
[Black "Armanda, Ivica"]
[Result "0-1"]
[WhiteElo "2415"]
[BlackElo "2270"]

1.d4 Nf6 2.Bg5 c5 3.Bxf6 gxf6 4.d5 d6 5.e3 Qb6 6.Qc1 Nd7 7.Ne2 f5 8.Nf4 Ne5
9.Be2 Bh6 10.O-O Rg8 11.Nd2 Bd7 12.Nc4 Nxc4 13.Bxc4 Qb4 14.Bd3 Bxf4 15.exf4 c4
16.Be2 c3 17.Qe3 cxb2 18.Rab1 Qe4 19.Qxe4 fxe4 20.Rfd1 Rc8 21.Rxb2 b6 22.Rd4 Rc5
23.Kf1 f5 24.f3 exf3 25.Bxf3 Kf7 26.c4 Rgc8 27.Be2 Ra5 28.Kf2 Ra4 29.Ke3 Rc5
30.Bd3 Bc8 31.g3 Kf6 32.Be2 Ba6 33.Kf2 Bxc4 34.Bxc4 Rcxc4 35.Rxc4 Rxc4 36.Rd2 e6
37.dxe6 Kxe6 38.Ke3 b5 39.Kd3 Kd5 40.Ke3+ Kc5 41.h3 h5 42.Kf3 Rc3+  0-1

[Event "Petrov mem"]
[Site "St Petersburg"]
[Date "1998.??.??"]
[Round "1"]
[White "Krasnov, Vasiliy G"]
[Black "Zagrebelny, Sergey"]
[Result "1/2-1/2"]
[WhiteElo "2250"]
[BlackElo "2485"]

1.d4 Nf6 2.Bg5 d5 3.Nf3 Ne4 4.Bh4 c5 5.dxc5 Nc6 6.e3 g6 7.Nbd2 Nxc5 8.Nb3 Bg7
9.c3 Ne4 10.Be2 O-O 11.O-O h6 12.Nfd4 g5 13.f3 Nxc3 14.bxc3 gxh4 15.f4 e5
16.fxe5 Qg5 17.Qd2 Nxe5 18.Nf3 Qe7 19.Nxe5 Qxe5 20.Bf3 Be6 21.Nd4 Rac8 22.Rab1 b6
23.Rfe1 Qg5 24.Rb2 Rc5 25.Qd3 Rfc8 26.Rb3 Be5 27.Rf1 Bd7 28.Bd1 Qg6 29.Qd2 Qd6
30.Kh1 Ba4 31.Nf5 Qf6 32.Rb4 Bxc3 33.Rg4+ Kf8 34.Qf2 Bxd1 35.Rxd1 Be5 36.Rb4 Rc1
37.Rb1 R1c2 38.Qf3 Qg5 39.Rxd5 Rc1+ 40.Rd1 Rxb1 41.Rxb1 Qf6 42.Rf1 b5 43.Kg1 a6
44.Qh3 Rc4 45.Qf3 Qc6 46.Qh5 Rc1 47.Qxh4 Rxf1+ 48.Kxf1 Qc1+ 49.Qe1 Qc4+ 50.Qe2 Qe4
51.Nxh6 Bxh2 52.Qg4 Qb1+ 53.Ke2 Qxa2+ 54.Ke1 Qb1+ 55.Kd2 Qb2+ 56.Kd1 Qb3+
57.Kd2 Qd5+ 58.Ke1 Be5 59.Qg8+ Ke7 60.Nf5+ Kf6 61.g4 Qd7 62.Ke2 a5 63.e4 Ke6
64.Qa8 Bc3 65.g5 Qd2+ 66.Kf3 Qd1+ 67.Kg2 Ke5 68.Qb8+ Kxe4 69.Ng3+ Kd3 70.Qxb5+ Kc2  1/2-1/2

[Event "Petrov mem"]
[Site "St Petersburg"]
[Date "1998.??.??"]
[Round "9"]
[White "Ter Minasjan, Dmitry"]
[Black "Alavkin, Arseny"]
[Result "0-1"]
[WhiteElo "2235"]
[BlackElo "2440"]

1.d4 d5 2.Bg5 Nf6 3.Nd2 Bf5 4.e3 e6 5.c4 c6 6.Qb3 Qb6 7.c5 Qc7 8.Bf4 Qc8
9.h3 Nbd7 10.Ngf3 Be7 11.Bd3 O-O 12.Bxf5 exf5 13.Qd3 b6 14.cxb6 axb6 15.Qxf5 Qa6
16.Ne5 Bb4 17.Qd3 Nxe5 18.Qxa6 Rxa6 19.Bxe5 Ne4 20.O-O-O Bxd2+ 21.Rxd2 Rxa2
22.Rhd1 Nxd2 23.Rxd2 Ra1+ 24.Kc2 Rc8 25.Kd3 f6 26.Bd6 Kf7 27.Rc2 Ke6 28.Bb4 Rg1
29.f3 Rd1+ 30.Ke2 Ra1 31.Kd3 Kd7 32.Ba3 Re8 33.Bb4 Rd1+ 34.Bd2 Rg1 35.Bb4 Ra8
36.Ba3 g6 37.Re2 Re8 38.Bb4 Rd1+ 39.Bd2 c5 40.dxc5 bxc5 41.Kc2 Rg1 42.b4 c4
43.Kc3 Ra8 44.Kb2 Rga1 45.g4 R8a3 46.Kc2 R1a2+ 47.Kd1 Rb3  0-1

[Event "Petrov mem"]
[Site "St Petersburg"]
[Date "1998.??.??"]
[Round "9"]
[White "Krasnov, Vasiliy G"]
[Black "Kharitonov, Sergei"]
[Result "1-0"]
[WhiteElo "2250"]
[BlackElo "2125"]

1.d4 d5 2.Bg5 Nf6 3.Nf3 Ne4 4.Bf4 c5 5.e3 Qb6 6.Nc3 e6 7.Bxb8 Rxb8 8.Bb5+ Ke7
9.dxc5 Qa5 10.a4 a6 11.Qd4 axb5 12.b4 Qd8 13.Nxe4 dxe4 14.Qxe4 Qd5 15.Qf4 Ra8
16.Rd1 Qc6 17.axb5 Qe8 18.O-O f5 19.Qh4+ Kf7 20.Ne5+ Kg8 21.Rd8 Qxb5 22.Qe7 h6
23.Qf7+ Kh7 24.Qg6+  1-0

[Event "SVK-chT1W 9798"]
[Site "SVK"]
[Date "1998.??.??"]
[Round "?"]
[White "Hefka, Vladimir"]
[Black "Heinrich, Jan"]
[Result "0-1"]
[WhiteElo "2020"]
[BlackElo "2075"]

1.d4 Nf6 2.Bg5 g6 3.Bxf6 exf6 4.e3 Bg7 5.Nd2 b6 6.Be2 Bb7 7.Bf3 Qc8 8.c3 f5
9.Nh3 O-O 10.O-O d6 11.Nf4 Nd7 12.b4 Nf6 13.Bxb7 Qxb7 14.a4 Ne4 15.Qc2 Nxd2
16.Qxd2 a5 17.b5 Bh6 18.Nd3 Qe4 19.Rfd1 Rfe8 20.g3 Qf3 21.Ne1 Qg4 22.Ng2 g5
23.Re1 Re7 24.Qd1 Qh3 25.Qf3 Rae8 26.c4 Bg7 27.Rac1 Re6 28.Qc6 R8e7 29.Qa8+ Bf8
30.c5 Re8 31.Qb7 dxc5 32.Red1 Rh6 33.dxc5 Qxh2+ 34.Kf1 bxc5 35.Ne1 f4 36.exf4 gxf4
37.Qg2 fxg3 38.Qxg3+ Qxg3 39.fxg3 Bd6 40.Nd3 Rh1+ 41.Kf2 Rxd1 42.Rxd1 Re4
43.Nb2 Rb4 44.Rd2  0-1

[Event "SVK-chT1W 9798"]
[Site "SVK"]
[Date "1998.??.??"]
[Round "?"]
[White "Kovacik, Emil"]
[Black "Krajnak, Robert"]
[Result "0-1"]
[WhiteElo "2150"]
[BlackElo "2190"]

1.d4 Nf6 2.Bg5 c5 3.Bxf6 gxf6 4.c3 Qb6 5.b3 Nc6 6.Nf3 d5 7.e3 Rg8 8.Nbd2 e5
9.Rc1 cxd4 10.cxd4 Ba3 11.Rxc6 bxc6 12.dxe5 a5 13.exf6 a4 14.Qc2 axb3 15.Qxh7 bxa2
16.Qxg8+ Bf8  0-1

[Event "SVK-chT 9899"]
[Site "SVK"]
[Date "1998.??.??"]
[Round "1"]
[White "Mojzis, Marcel"]
[Black "Halasz, Stefan"]
[Result "1-0"]
[WhiteElo "2150"]
[BlackElo "2185"]

1.d4 Nf6 2.Bg5 d5 3.Bxf6 gxf6 4.e3 e5 5.Qh5 e4 6.c4 c6 7.Nc3 Bb4 8.Rc1 Be6
9.Ne2 dxc4 10.Nf4 Bd5 11.Be2 b5 12.Bg4 Na6 13.Be6 Bxe6 14.Nxe6 Qd5 15.Ng7+ Kd8
16.Qh4 Ke7 17.Nh5 Qe6 18.Ng3 Rag8 19.Qxe4 Rg4 20.Nf5+ Kf8 21.Qxg4 Rg8 22.Qh3 Bxc3+
23.bxc3 b4 24.Qh6+  1-0

[Event "SVK-chT 9899"]
[Site "SVK"]
[Date "1998.??.??"]
[Round "4"]
[White "Berkes, Ferenc"]
[Black "Rakay, Kvetoslav"]
[Result "1-0"]
[WhiteElo "2290"]
[BlackElo "2175"]

1.d4 Nf6 2.Bg5 g6 3.Bxf6 exf6 4.g3 Bg7 5.Bg2 d5 6.e3 c6 7.Ne2 Qe7 8.O-O h5
9.Nd2 h4 10.e4 hxg3 11.hxg3 dxe4 12.Nxe4 Bh3 13.Bxh3 Rxh3 14.Nf4 Rh8 15.Re1 Kf8
16.Nc5 Qd6 17.Nxb7 Qd7 18.Nc5 Qc8 19.Qe2 f5 20.Qc4 Bf6 21.Nxg6+ fxg6 22.Ne6+ Ke7
23.Nf4+ Kd7 24.Qf7+  1-0

[Event "SVK-chT 9798"]
[Site "SVK"]
[Date "1998.??.??"]
[Round "5"]
[White "Mojzis, Marcel"]
[Black "Banas, Kamil"]
[Result "1/2-1/2"]
[WhiteElo "2135"]
[BlackElo "2035"]

1.d4 Nf6 2.Bg5 d5 3.Bxf6 exf6 4.e3 c6 5.Bd3 Bd6 6.c3 Be6 7.Nd2 Qe7 8.Qc2 Nd7
9.Ne2 g6 10.O-O-O f5 11.Kb1 O-O-O 12.c4 dxc4 13.Nxc4 Bc7 14.Nc3 Nb6 15.Nxb6+ Bxb6
16.Na4 Kb8 17.Nxb6 axb6 18.g3 Bd5 19.Rhe1 Be4 20.Qb3 Rd5 21.Ka1 Bxd3 22.Rxd3 Qe4
23.Rd2 Re8 24.Rc1 Ka7 25.a3 Re7 26.Rc4 Rb5 27.Rb4 Rxb4 28.Qxb4 Qh1+ 29.Ka2 Qd5+
30.Qb3 Kb8 31.Qxd5 cxd5 32.Rc2 Re6 33.h4 f6 34.Kb3 g5 35.h5 f4 36.exf4 gxf4
37.g4 Re4 38.Kc3 f3 39.Kd3 Rxg4 40.Ke3 Re4+ 41.Kxf3 Rxd4 42.Kg3 Re4 43.f3 Re5
44.f4 Re3+  1/2-1/2

[Event "SVK-chT 9798"]
[Site "SVK"]
[Date "1998.??.??"]
[Round "7"]
[White "Meszaros, Gyula"]
[Black "Klemanic, Emil"]
[Result "1-0"]
[WhiteElo "2315"]
[BlackElo "2315"]

1.d4 Nf6 2.Bg5 g6 3.Bxf6 exf6 4.e3 Bg7 5.g3 O-O 6.Bg2 d6 7.Ne2 f5 8.O-O Nd7
9.c4 Nf6 10.Nbc3 c6 11.b4 Re8 12.Qd3 Qe7 13.a4 h5 14.a5 Ne4 15.b5 h4 16.a6 Bh6
17.Nf4 hxg3 18.hxg3 g5 19.axb7 Bxb7 20.bxc6 Bxc6 21.Nfd5 Bxd5 22.Nxd5 Qd8
23.g4 Rc8 24.Rxa7 Bg7 25.Rb1 Rb8 26.gxf5 Nf6 27.Rxb8 Qxb8 28.Nxf6+ Bxf6 29.Ra8 Qxa8
30.Bxa8 Rxa8 31.Qe4 Rd8 32.Qb7 Kf8 33.c5 dxc5 34.dxc5 Be5 35.c6 Rd1+ 36.Kg2 Rc1
37.f6 Kg8 38.Qc8+ Kh7 39.Qf5+ Kh6 40.Qxe5 Rxc6 41.Qe7  1-0

[Event "SVK-chT 9798"]
[Site "SVK"]
[Date "1998.??.??"]
[Round "10"]
[White "Meszaros, Gyula"]
[Black "Oral, Tomas"]
[Result "0-1"]
[WhiteElo "2315"]
[BlackElo "2455"]

1.d4 Nf6 2.Bg5 c5 3.Nc3 cxd4 4.Qxd4 Nc6 5.Qh4 e6 6.e4 Be7 7.O-O-O a6 8.f4 b5
9.Nf3 Bb7 10.Bd3 b4 11.Ne2 Qa5 12.Kb1 h6 13.e5 Nd5 14.Bxe7 Ncxe7 15.Qf2 Nc3+
16.bxc3 bxc3 17.Qd4 Rb8 18.Ka1 Bd5 19.Bc4 Rb4 20.Qxc3 Bxc4 21.Rb1 Qxa2+  0-1

[Event "SVE-chT 9798"]
[Site "Sweden"]
[Date "1998.??.??"]
[Round "8"]
[White "Ziegler, Ari"]
[Black "Faibisovich, Vadim Z"]
[Result "0-1"]
[WhiteElo "2425"]
[BlackElo "2400"]

1.d4 Nf6 2.Bg5 d5 3.Bxf6 exf6 4.e3 c6 5.Nd2 Be6 6.g3 Nd7 7.Bg2 f5 8.Ne2 Nf6
9.O-O Bd6 10.b3 O-O 11.c4 Ne4 12.cxd5 cxd5 13.Nf4 Bxf4 14.gxf4 Qa5 15.Nxe4 fxe4
16.Qh5 f5 17.Rfc1 Rac8 18.Qe2 Rc3 19.Qb2 Rfc8 20.Rxc3 Qxc3 21.Qxc3 Rxc3 22.Bh3 Kf7
23.Kf1 Kf6 24.Ke1 Rc2 25.Bf1 g5 26.Be2 gxf4 27.exf4 Bd7 28.Kd1 Rc3 29.Kd2 Rh3
30.Rh1 a6 31.Rc1 Ke6 32.Rh1 Kd6 33.f3 Bb5 34.Bd1 exf3 35.a4 Be2 36.Bc2 Ke6
37.Ke3 Kf6 38.Kf2 a5 39.Ke3 h6 40.Kf2 Rh4 41.Ke3 Rg4 42.h4 Rg2 43.Bd1 Bxd1
44.Rxd1 Rb2 45.Kxf3 Rxb3+ 46.Ke2 Rb4 47.h5 Rxa4 48.Ke3 Ra3+ 49.Ke2 a4 50.Rg1 Rb3
51.Rg6+ Kf7 52.Rxh6 a3 53.Rh8 Rb6 54.h6 a2  0-1

[Event "BCF-ch"]
[Site "Torquay"]
[Date "1998.??.??"]
[Round "5"]
[White "Hebden, Mark"]
[Black "Thipsay, Praveen Mahadeo"]
[Result "1/2-1/2"]
[WhiteElo "2585"]
[BlackElo "2515"]

1.d4 Nf6 2.Bg5 d5 3.Nd2 g6 4.e3 Bg7 5.Bd3 O-O 6.c3 Nbd7 7.f4 c5 8.Nh3 Qb6
9.Rb1 Re8 10.Nf2 Nf8 11.Qf3 Bd7 12.O-O e6 13.g4 Bb5 14.Bxf6 Bxf6 15.g5 Bg7
16.h4 Nd7 17.Bxb5 Qxb5 18.h5 Qa4 19.a3 Qc2 20.Rfd1 b5 21.Qe2 Rab8 22.Nd3 c4
23.Nf2 f5 24.Rdc1 Qa4 25.Nf3 a5 26.Ra1 Ra8 27.Kg2 Reb8 28.Nd1 b4 29.axb4 Qb5
30.bxa5 Rxa5 31.Rxa5 Qxa5 32.Nf2 Qa2 33.Rc2 Qa4 34.Nh1 Nb6 35.Ng3 Qe8 36.hxg6 hxg6
37.Nh1 Na4 38.Nf2 Kf7 39.Nd1 Qc6 40.Rc1 Ra8 41.Qc2 Nb6 42.Kg3 Ra2 43.Qh2 Nd7
44.Kf2 Qb6 45.Ke1 Qb8 46.Kd2 Qa7 47.Rb1 Qb7 48.Kc1 Qb6 49.Qc2 Qb8 50.Qh2 Qb6
51.Ne1 Kg8 52.Nc2 Bf8 53.Ra1 Qb3 54.Rb1 Nb6 55.Ne1 Nd7 56.Nf3  1/2-1/2

[Event "JUG Cup"]
[Site "Ulcinj"]
[Date "1998.??.??"]
[Round "5"]
[White "Kosanovic, Goran A"]
[Black "Bokan, Danko"]
[Result "1-0"]
[WhiteElo "2445"]
[BlackElo "2380"]

1.d4 Nf6 2.Bg5 g6 3.Bxf6 exf6 4.e3 f5 5.Ne2 Bg7 6.h4 h5 7.g3 O-O 8.Bg2 d6
9.O-O Nd7 10.c4 Nf6 11.Nd2 c6 12.b4 Qe7 13.c5 Be6 14.Nf4 Rfd8 15.Nxe6 Qxe6
16.Qb3 d5 17.a4 Bh6 18.f4 Re8 19.Rfe1 Ng4 20.Nf1 f6 21.Bf3 g5 22.Qd3 Re7
23.Re2 Rg7 24.Kh1 Kh8 25.b5 gxh4 26.gxh4 Rag8 27.Rb1 Qd7 28.bxc6 bxc6 29.a5 Ne5
30.dxe5 Rg1+ 31.Kh2 fxe5 32.Bg2 R1xg2+ 33.Rxg2 exf4 34.Rxg8+ Kxg8 35.a6 fxe3
36.Rb7 Bf4+ 37.Kh1 Bc7 38.Nxe3 Kh8 39.Qxf5 Qd8 40.Qxh5+ Kg8  1-0

[Event "Vantaa We EtVaS"]
[Site "Vantaa"]
[Date "1998.??.??"]
[Round "4"]
[White "Manninen, Marko"]
[Black "Veingold, Aleksandr"]
[Result "0-1"]
[WhiteElo "2365"]
[BlackElo "2475"]

1.d4 Nf6 2.Bg5 d5 3.Nc3 Nbd7 4.f3 h6 5.Bf4 c6 6.Qd2 Nh5 7.Be5 f6 8.Bg3 Nxg3
9.hxg3 Qc7 10.O-O-O Qxg3 11.e4 Nb6 12.exd5 Nxd5 13.Nxd5 cxd5 14.Bb5+ Kf7
15.Ne2 Qd6 16.Bd3 g5 17.f4 Bg7 18.Rdf1 g4 19.Rh5 e6 20.f5 exf5 21.Nf4 Re8
22.a3 Re4 23.Bxe4 dxe4 24.Qc3 Bf8 25.Qc4+ Kg7 26.Rxh6 Be6 27.Rg6+ Kf7 28.Qb5 Rc8
29.b3 Qxd4 30.Qxb7+ Ke8 31.Qa6 Qa1+ 32.Kd2 Bb4+ 33.Ke3 Qc3+ 34.Ke2 Qd2+  0-1

[Event "POL-chT2"]
[Site "Wisla"]
[Date "1998.??.??"]
[Round "?"]
[White "Popiolek, Hubert"]
[Black "Kasperek, Ryszard"]
[Result "1/2-1/2"]
[WhiteElo "2190"]
[BlackElo "2300"]

1.d4 Nf6 2.Bg5 c5 3.d5 Ne4 4.Bf4 Qb6 5.Qc1 g5 6.Be5 f6 7.Bxb8 Rxb8 8.f3 Nd6
9.e4 g4 10.Na3 Rg8 11.c3 gxf3 12.gxf3 Rg6 13.Ne2 Bh6 14.Qc2 Qa5 15.Ng3 b5
16.e5 fxe5 17.Bd3 Rg8 18.O-O c4 19.Be2 Nf5 20.Kh1 Nxg3+ 21.hxg3 Rg7 22.Kg2 Bf4
23.Rh1 h6 24.g4 Qb6 25.Qf5 Qg6 26.Qc2 Rb6 27.Kf1 Bb7 28.Rd1 Qf7 29.b3 cxb3
30.axb3 Be3 31.Qe4 Qf4 32.Qxf4 Bxf4 33.Bxb5 e4 34.fxe4 Bd6 35.b4 a5 36.bxa5 Ra6
37.Nc4 Bf4 38.e5 Kd8 39.e6 Rxg4 40.Rg1 Rxg1+ 41.Kxg1 Ra7 42.exd7 Ba6 43.Bxa6 Rxa6
44.Rf1 Bc7  1/2-1/2

[Event "POL-chT2"]
[Site "Wisla"]
[Date "1998.??.??"]
[Round "?"]
[White "Popiolek, Hubert"]
[Black "Helaszek, Edward"]
[Result "1-0"]
[WhiteElo "2190"]
[BlackElo "2210"]

1.d4 Nf6 2.Bg5 g6 3.Bxf6 exf6 4.e3 Bg7 5.Ne2 O-O 6.h4 h5 7.Nf4 d5 8.c4 dxc4
9.Bxc4 Kh7 10.Nc3 Nc6 11.a3 f5 12.Kf1 a6 13.b4 Qd6 14.Nh3 Nd8 15.Ng5+ Kg8
16.f4 Re8 17.Kf2 Ne6 18.Re1 Nxg5 19.hxg5 Be6 20.Be2 f6 21.gxf6 Bxf6 22.Bf3 c6
23.Na4 Bf7 24.Qd3 Re7 25.Nb6 Rd8 26.Rad1 Qc7 27.Nc4 Red7 28.Qc2 Bd5 29.Ne5 Rg7
30.g3 Be6 31.Rh1 Bxe5 32.dxe5 Rgd7 33.Rxd7 Rxd7 34.Rd1 Qd8 35.Rxd7 Qxd7 36.Qd1 Qe7
37.e4 Kf7 38.Ke3 a5 39.Qd4 axb4 40.axb4 h4 41.exf5 gxf5 42.Qc5 Qxc5+ 43.bxc5 hxg3
44.Bh5+ Ke7 45.Bg6 Bd7 46.Bh5 Be6 47.Kf3 Bd5+ 48.Kxg3 Ke6 49.Kh4 Be4 50.Kg5 Bd3
51.Bg6 Bc2 52.Bh7 Bd3 53.Bg8+ Ke7 54.Kh4 Be4 55.Bb3 Bb1 56.Kg3 Be4 57.Kf2 Bb1
58.Ke3 Be4 59.Kd4 Kd7 60.Kc3 Ke7 61.Bc4 Bf3 62.Bd3 Bg4 63.Kb4  1-0

[Event "POL-chT2"]
[Site "Wisla"]
[Date "1998.??.??"]
[Round "?"]
[White "Gawronski, Lukasz"]
[Black "Laszewicz, Pawel"]
[Result "1/2-1/2"]
[WhiteElo "2130"]
[BlackElo "2220"]

1.d4 Nf6 2.Bg5 d5 3.Bxf6 exf6 4.e3 c6 5.g3 Qb6 6.Qc1 Bf5 7.Nd2 a5 8.Ngf3 a4
9.Nh4 Be6 10.Bd3 g6 11.O-O Be7 12.c4 a3 13.b3 Bb4 14.c5 Qa5 15.Nb1 Nd7 16.Qc2 Rc8
17.Rc1 O-O 18.Nc3 b6 19.cxb6 Nxb6 20.Ne2 Rc7 21.Qd1 Nc8 22.Rc2 Nd6 23.Rac1 Rfc8
24.Ng2 Bg4 25.Ne1 c5 26.dxc5 Bxc5 27.Kg2 Kg7 28.h3 Be6 29.Nf4  1/2-1/2

[Event "Hastings Challengers"]
[Site "Hastings"]
[Date "1999.01.01"]
[Round "4"]
[White "Pert, Richard G"]
[Black "Van Laatum, Gozewijn"]
[Result "1/2-1/2"]
[WhiteElo "2240"]
[BlackElo "2355"]

1.d4 Nf6 2.Bg5 g6 3.Bxf6 exf6 4.c4 d5 5.cxd5 Qxd5 6.a3 c6 7.e3 Bg7 8.Nc3 Qd6
9.g3 O-O 10.Bg2 Nd7 11.Nge2 f5 12.O-O  1/2-1/2

[Event "Hastings Challengers"]
[Site "Hastings"]
[Date "1999.01.06"]
[Round "9"]
[White "Summerscale, Aaron"]
[Black "Lentze, Ingo"]
[Result "0-1"]
[WhiteElo "2455"]
[BlackElo "2205"]

1.d4 Nf6 2.Bg5 c5 3.d5 Qb6 4.Nc3 g6 5.e4 Bg7 6.Rb1 d6 7.Nf3 h6 8.Be3 e6 9.Bb5+ Kf8
10.dxe6 Bxe6 11.O-O Na6 12.Nd2 Bxa2 13.Bxa6 Bxb1 14.Bc4 Ba2 15.Bxa2 Qxb2
16.Ndb1 Kg8 17.Qxd6 Qxc2 18.e5 Ng4 19.Bxf7+ Kh7 20.Bd5 Nxe3 21.fxe3 Rhf8
22.Bf7 Rad8 23.Qe6 Qd3 24.Rf3 b5 25.e4 Qd4+ 26.Kf1 b4 27.Qxg6+ Kh8 28.e6 bxc3
29.Nxc3 Qe5 30.Ne2 Rd2 31.Nc3 Rc2 32.Nd1 Qd4 33.Nc3 Qd2  0-1